| 000 | 00800nam a2200265Ia 4500 | ||
|---|---|---|---|
| 003 | OSt | ||
| 005 | 20221005033318.0 | ||
| 006 | a|||||r|||| 00| 0 | ||
| 007 | ta | ||
| 008 | 221004b |||||||| |||| 00| 0 eng d | ||
| 020 |
_a8176463531 (hbk) _c600 |
||
| 024 | _a94869 | ||
| 037 |
_b2023, 25/02/2009, Vidyanidhi Prakashan _cTextual |
||
| 040 |
_aCRL _cCRL _beng |
||
| 041 |
_2eng _aeng |
||
| 082 | _aQ4v, P3 | ||
| 100 | _aNarain A.K. Ed. | ||
| 245 | 0 | _aDate of the historial sakyamuni buddha | |
| 260 |
_aDelhi _bB.R. Publishing Corporation India _c2003 |
||
| 300 |
_aviii,224p. _ccm. |
||
| 490 | _aBJK institute workshop series; 21 | ||
| 650 | _aRELIGION | ||
| 942 |
_hQ4v, P3 _cTEXL _2cc |
||
| 999 |
_c941335 _d941335 |
||